000 00337nam a2200133Ia 4500
005 20260326235447.0
008 260326s9999||||xx |||||||||||||| ||und||
100 _aJohnson, Philip
245 4 _aThe Architecture of Philip Johnson /
_cPhilip Johnson
260 _bBlufinch Press
300 _a330 p.
650 _aARQUITECTOS
942 _cBK
999 _c7632
_d7632